[Event "XXIX Cracovia 2018"]
[Site "Krakow"]
[Date "2019.01.04"]
[Round "9"]
[White "Lee, Qing Aun"]
[Black "Goumas, Georgios"]
[Result "0-1"]
[WhiteElo "2297"]
[BlackElo "2378"]
[Annotator "NA"]
[PlyCount "86"]
[EventDate "2018.12.27"]
[EventType "swiss"]
[EventCountry "POL"]
[SourceTitle "playchess.com"]
[Source "ChessBase"]
[SourceQuality "1"]
[TimeControl "40/5400+30:1800+30"]

1. e4 {[%emt 0:00:00]} c5 {[%emt 0:06:37]} 2. Nf3 {[%emt 0:00:48]} Nc6 {[%emt 0:00:10]} 3. d4 {[%emt 0:00:10]} cxd4 {[%emt 0:00:05]} 4. Nxd4 {[%emt 0:00:10]} g6 {[%emt 0:00:16]} 5. Nc3 {[%emt 0:00:16]} Bg7 {[%emt 0:00:07]} 6. Be3 {[%emt 0:00:14]} Nf6 {[%emt 0:00:06]} 7. Bc4 {[%emt 0:00:20]} O-O {[%emt 0:00:07]} 8. Bb3 {[%emt 0:00:13]} Re8 {[%emt 0:00:11]} 9. O-O {[%emt 0:03:54]} d6 {[%emt 0:00:13]} 10. f3 {[%emt 0:00:18]} Na5 {[%emt 0:01:26]} 11. Qd2 {[%emt 0:05:49]} b6 {[%emt 0:03:42]} 12. Rad1 {[%emt 0:10:23]} Bb7 {[%emt 0:02:39]} 13. Rfe1 {[%emt 0:02:37]} Nxb3 {[%emt 0:02:08]} 14. axb3 {[%emt 0:00:23]} a6 {[%emt 0:00:08]} 15. Qf2 {[%emt 0:00:53]} Nd7 {[%emt 0:03:20]} 16. Nde2 {[%emt 0:10:55]} b5 {[%emt 0:05:37]} 17. Bd4 {[%emt 0:00:50]} Rc8 {[%emt 0:03:45]} 18. Bxg7 {[%emt 0:10:02]} Kxg7 {[%emt 0:00:56]} 19. Nf4 {[%emt 0:00:19]} Qb6 {[%emt 0:02:13]} 20. Re3 {[%emt 0:00:38]} Nf6 {[%emt 0:02:14]} 21. Rd2 {[%emt 0:04:16]} e5 {[%emt 0:13:38]} 22. Nfe2 {[%emt 0:06:20]} b4 {[%emt 0:01:40]} 23. Na4 {[%emt 0:00:40]} Qc7 {[%emt 0:00:15]} 24. c4 {[%emt 0:04:59]} bxc3 {[%emt 0:04:54]} 25. Rxc3 {[%emt 0:02:24]} Qb8 {[%emt 0:03:46]} 26. Nb6 {[%emt 0:06:48]} Rcd8 {[%emt 0:02:31]} 27. Rcd3 {[%emt 0:05:35]} Bxe4 {[%emt 0:02:17]} 28. fxe4 {[%emt 0:00:22]} Ng4 {[%emt 0:00:15]} 29. Qg3 {[%emt 0:01:24]} Qxb6+ {[%emt 0:00:07]} 30. Kf1 {[%emt 0:00:02]} Nf6 {[%emt 0:07:16]} 31. Nc3 {[%emt 0:01:08]} Qxb3 {[%emt 0:02:55]} 32. Qh4 {[%emt 0:09:56]} Qe6 {[%emt 0:02:54]} 33. Rf3 {[%emt 0:00:59]} Rd7 {[%emt 0:00:31]} 34. Rdf2 {[%emt 0:03:39]} Ng4 {[%emt 0:01:54]} 35. Nd5 {[%emt 0:02:48]} Nxf2 {[%emt 0:06:14]} 36. Nf6 {[%emt 0:00:18]} h6 {[%emt 0:00:06]} 37. Kxf2 {[%emt 0:00:57]} Rb8 {[%emt 0:01:14]} 38. Nxd7 {[%emt 0:04:39]} Rxb2+ {[%emt 0:03:37]} 39. Kg3 {[%emt 0:00:01]} Qxd7 {[%emt 0:01:12]} 40. Qf6+ {[%emt 0:00:00]} Kg8 {[%emt 0:00:00]} 41. Rd3 {[%emt 0:01:43]} Qc6 {[%emt 0:16:56]} 42. Qd8+ {[%emt 0:06:20]} Kg7 {[%emt 0:01:58]} 43. Rxd6 {[%emt 0:06:40]} Rb3+ {[%emt 0:01:25]} 0-1

[Event "XXIX Cracovia 2018"]
[Site "Krakow"]
[Date "2019.01.04"]
[Round "9"]
[White "Kulkarni Bhakti"]
[Black "Golubka, Petro"]
[Result "1/2-1/2"]
[WhiteElo "2283"]
[BlackElo "2464"]
[Annotator "ChessBase"]
[PlyCount "80"]
[EventDate "2018.12.27"]
[EventType "swiss"]
[EventCountry "POL"]
[SourceTitle "playchess.com"]
[Source "ChessBase"]
[SourceQuality "1"]
[TimeControl "40/5400+30:1800+30"]

1. e4 {[%emt 0:00:00]} c5 {[%emt 0:01:31]} 2. c3 {[%emt 0:00:00]} e5 {[%emt 0:04:24]} 3. Nf3 {[%emt 0:00:54]} Nc6 {[%emt 0:00:22]} 4. d4 {[%emt 0:01:34]} cxd4 {[%emt 0:02:53]} 5. cxd4 {[%emt 0:00:05]} exd4 {[%emt 0:00:15]} 6. Nxd4 {[%emt 0:00:36]} Nf6 {[%emt 0:00:07]} 7. Nc3 {[%emt 0:02:37]} Bb4 {[%emt 0:00:07]} 8. Nxc6 {[%emt 0:04:20]} dxc6 {[%emt 0:00:51]} 9. Qxd8+ {[%emt 0:01:14]} Kxd8 {[%emt 0:00:02]} 10. f3 {[%emt 0:00:58]} Be6 {[%emt 0:00:06]} 11. Be3 {[%emt 0:01:56]} Nd7 {[%emt 0:00:18]} 12. Be2 {[%emt 0:02:09]} Ke7 {[%emt 0:00:26]} 13. O-O {[%emt 0:02:24]} f6 {[%emt 0:00:24]} 14. Rfd1 {[%emt 0:01:39]} Nb6 {[%emt 0:00:09]} 15. Rd4 {[%emt 0:12:21]} Bc5 {[%emt 0:10:32]} 16. Rd3 {[%emt 0:00:08]} Bxe3+ {[%emt 0:00:04]} 17. Rxe3 {[%emt 0:00:06]} g5 {[%emt 0:00:18]} 18. b3 {[%emt 0:03:44]} h5 {[%emt 0:01:10]} 19. Rd1 {[%emt 0:03:06]} Rhd8 {[%emt 0:01:03]} 20. Red3 {[%emt 0:00:26]} Rxd3 {[%emt 0:00:08]} 21. Bxd3 {[%emt 0:00:18]} a5 {[%emt 0:00:16]} 22. Bc2 {[%emt 0:01:56]} Nd7 {[%emt 0:00:32]} 23. Kf2 {[%emt 0:00:50]} h4 {[%emt 0:00:13]} 24. Ke3 {[%emt 0:02:04]} b5 {[%emt 0:00:11]} 25. Ne2 {[%emt 0:01:09]} Ne5 {[%emt 0:00:20]} 26. Nd4 {[%emt 0:05:58]} Bd7 {[%emt 0:00:37]} 27. Nf5+ {[%emt 0:01:35]} Bxf5 {[%emt 0:00:15]} 28. exf5 {[%emt 0:00:01]} b4 {[%emt 0:05:48]} 29. Rd4 {[%emt 0:12:29]} c5 {[%emt 0:02:01]} 30. Rd5 {[%emt 0:05:08]} c4 {[%emt 0:00:31]} 31. bxc4 {[%emt 0:00:39]} Nxc4+ {[%emt 0:03:29]} 32. Kd4 {[%emt 0:00:51]} Ne5 {[%emt 0:00:57]} 33. Ba4 {[%emt 0:02:53]} Rd8 {[%emt 0:16:11]} 34. Rxd8 {[%emt 0:05:57]} Kxd8 {[%emt 0:06:36]} 35. Kc5 {[%emt 0:10:45]} Ke7 {[%emt 0:00:39]} 36. Bb5 {[%emt 0:03:29]} h3 {[%emt 0:00:36]} 37. gxh3 {[%emt 0:00:15]} Nxf3 {[%emt 0:00:02]} 38. Bd3 {[%emt 0:00:38]} Ne5 {[%emt 0:05:39]} 39. Bb5 {[%emt 0:00:43]} Nf7 {[%emt 0:00:35]} 40. Ba4 {[%emt 0:00:00]} Ne5 {[%emt 0:00:00]} 1/2-1/2

[Event "XXIX Cracovia 2018"]
[Site "Krakow"]
[Date "2019.01.04"]
[Round "9"]
[White "Chylewski, Patryk"]
[Black "Zakrzewski, Marek"]
[Result "1/2-1/2"]
[WhiteElo "2268"]
[BlackElo "2311"]
[Annotator "NA"]
[PlyCount "36"]
[EventDate "2018.12.27"]
[EventType "swiss"]
[EventCountry "POL"]
[SourceTitle "playchess.com"]
[Source "ChessBase"]
[SourceQuality "1"]
[TimeControl "40/5400+30:1800+30"]

1. e4 {[%emt 0:00:00]} c5 {[%emt 0:00:00]} 2. Nf3 {[%emt 0:00:00]} e6 {[%emt 0:00:00]} 3. d4 {[%emt 0:00:00]} cxd4 {[%emt 0:00:00]} 4. Nxd4 {[%emt 0:00:00]} Nc6 {[%emt 0:00:03]} 5. Nc3 {[%emt 0:00:00]} Qc7 {[%emt 0:00:05]} 6. g3 {[%emt 0:01:01]} a6 {[%emt 0:00:08]} 7. Bg2 {[%emt 0:00:05]} Nf6 {[%emt 0:01:54]} 8. O-O {[%emt 0:00:42]} Nxd4 {[%emt 0:00:13]} 9. Qxd4 {[%emt 0:00:06]} Bc5 {[%emt 0:00:09]} 10. Bf4 {[%emt 0:00:21]} d6 {[%emt 0:00:07]} 11. Qd2 {[%emt 0:00:05]} h6 {[%emt 0:00:43]} 12. Rad1 {[%emt 0:05:40]} e5 {[%emt 0:00:08]} 13. Be3 {[%emt 0:00:04]} Be6 {[%emt 0:00:16]} 14. Bxc5 {[%emt 0:00:35]} dxc5 {[%emt 0:00:08]} 15. Nd5 {[%emt 0:00:07]} Bxd5 {[%emt 0:00:15]} 16. exd5 {[%emt 0:00:05]} Qd6 {[%emt 0:00:12]} 17. Rfe1 {[%emt 0:00:55]} O-O {[%emt 0:02:07]} 18. c4 {[%emt 0:00:18]} Rfe8 {[%emt 0:02:31]} 1/2-1/2

[Event "XXIX Cracovia 2018"]
[Site "Krakow"]
[Date "2019.01.04"]
[Round "9"]
[White "Jaskolka, Tomasz"]
[Black "Heinzel, Olaf"]
[Result "1/2-1/2"]
[WhiteElo "2222"]
[BlackElo "2326"]
[Annotator "NA"]
[PlyCount "128"]
[EventDate "2018.12.27"]
[EventType "swiss"]
[EventCountry "POL"]
[SourceTitle "playchess.com"]
[Source "ChessBase"]
[SourceQuality "1"]
[TimeControl "40/5400+30:1800+30"]

1. d4 {[%emt 0:00:00]} d5 {[%emt 0:00:00]} 2. Bf4 {[%emt 0:00:00]} Nf6 {[%emt 0:00:33]} 3. e3 {[%emt 0:00:10]} e6 {[%emt 0:01:01]} 4. Nf3 {[%emt 0:01:11]} Bd6 {[%emt 0:00:18]} 5. Bg3 {[%emt 0:00:04]} Ne4 {[%emt 0:02:59]} 6. Nbd2 {[%emt 0:05:32]} f5 {[%emt 0:01:46]} 7. Bh4 {[%emt 0:02:23]} Be7 {[%emt 0:00:48]} 8. Bxe7 {[%emt 0:00:23]} Qxe7 {[%emt 0:00:04]} 9. Ne5 {[%emt 0:08:12]} O-O {[%emt 0:00:40]} 10. c3 {[%emt 0:05:51]} Nd7 {[%emt 0:09:15]} 11. g3 {[%emt 0:18:05]} Nxe5 {[%emt 0:03:46]} 12. dxe5 {[%emt 0:00:03]} Bd7 {[%emt 0:00:17]} 13. Bd3 {[%emt 0:04:06]} Be8 {[%emt 0:04:29]} 14. f4 {[%emt 0:10:00]} Qc5 {[%emt 0:05:58]} 15. Qe2 {[%emt 0:03:37]} Qb6 {[%emt 0:00:19]} 16. O-O-O {[%emt 0:09:22]} Nc5 {[%emt 0:09:42]} 17. Rhg1 {[%emt 0:14:10]} Nxd3+ {[%emt 0:02:31]} 18. Qxd3 {[%emt 0:00:03]} Bb5 {[%emt 0:00:33]} 19. c4 {[%emt 0:01:24]} dxc4 {[%emt 0:02:58]} 20. Qc3 {[%emt 0:05:06]} Rad8 {[%emt 0:01:28]} 21. Nxc4 {[%emt 0:01:19]} Bxc4 {[%emt 0:00:17]} 22. Qxc4 {[%emt 0:00:01]} Qxe3+ {[%emt 0:00:17]} 23. Kb1 {[%emt 0:00:06]} Qb6 {[%emt 0:01:00]} 24. Rc1 {[%emt 0:04:12]} Rd2 {[%emt 0:01:56]} 25. Qb3 {[%emt 0:02:23]} Qxb3 {[%emt 0:05:02]} 26. axb3 {[%emt 0:00:03]} c6 {[%emt 0:00:10]} 27. Rc2 {[%emt 0:00:03]} Rfd8 {[%emt 0:00:25]} 28. Rgc1 {[%emt 0:00:05]} Kf7 {[%emt 0:00:54]} 29. Ka2 {[%emt 0:01:15]} R8d5 {[%emt 0:01:36]} 30. b4 {[%emt 0:00:47]} R2d4 {[%emt 0:01:16]} 31. Ka3 {[%emt 0:01:37]} Ke7 {[%emt 0:01:03]} 32. Rc3 {[%emt 0:00:56]} Kd7 {[%emt 0:00:59]} 33. Kb3 {[%emt 0:00:44]} Kc7 {[%emt 0:05:22]} 34. R1c2 {[%emt 0:00:23]} Kb6 {[%emt 0:02:15]} 35. h4 {[%emt 0:02:27]} h5 {[%emt 0:00:55]} 36. Ka3 {[%emt 0:00:17]} Re4 {[%emt 0:08:34]} 37. Rb3 {[%emt 0:00:55]} a6 {[%emt 0:03:29]} 38. Rc1 {[%emt 0:00:37]} Kb5 {[%emt 0:02:04]} 39. Rc2 {[%emt 0:00:58]} Rc4 {[%emt 0:03:48]} 40. Rcc3 {[%emt 0:00:00]} Rdd4 {[%emt 0:00:00]} 41. Rd3 {[%emt 0:04:41]} b6 {[%emt 0:02:53]} 42. Ka2 {[%emt 0:00:41]} c5 {[%emt 0:02:25]} 43. bxc5+ {[%emt 0:00:13]} Kxc5 {[%emt 0:00:01]} 44. Rxd4 {[%emt 0:00:52]} Rxd4 {[%emt 0:00:19]} 45. Rc3+ {[%emt 0:00:03]} Rc4 {[%emt 0:04:28]} 46. Rd3 {[%emt 0:00:04]} Ra4+ {[%emt 0:00:40]} 47. Kb1 {[%emt 0:00:55]} Rd4 {[%emt 0:04:55]} 48. Rc3+ {[%emt 0:00:22]} Kd5 {[%emt 0:00:01]} 49. Rc7 {[%emt 0:00:10]} Rd3 {[%emt 0:00:14]} 50. Rxg7 {[%emt 0:00:25]} b5 {[%emt 0:00:01]} 51. Kc2 {[%emt 0:04:38]} Rf3 {[%emt 0:00:16]} 52. Ra7 {[%emt 0:06:18]} Rxg3 {[%emt 0:00:45]} 53. Rxa6 {[%emt 0:00:03]} Rf3 {[%emt 0:01:48]} 54. Rd6+ {[%emt 0:00:15]} Ke4 {[%emt 0:00:25]} 55. Rxe6 {[%emt 0:00:09]} Kxf4 {[%emt 0:00:05]} 56. Rg6 {[%emt 0:04:47]} Kxe5 {[%emt 0:01:19]} 57. Rg5 {[%emt 0:00:04]} b4 {[%emt 0:00:33]} 58. Rxh5 {[%emt 0:00:51]} Kd4 {[%emt 0:00:27]} 59. Rh8 {[%emt 0:01:40]} b3+ {[%emt 0:00:20]} 60. Kc1 {[%emt 0:02:12]} f4 {[%emt 0:02:15]} 61. h5 {[%emt 0:00:13]} Rh3 {[%emt 0:01:09]} 62. h6 {[%emt 0:03:57]} Ke3 {[%emt 0:00:27]} 63. Re8+ {[%emt 0:00:04]} Kf2 {[%emt 0:00:06]} 64. Rh8 {[%emt 0:04:14]} Ke2 1/2-1/2

[Event "XXIX Cracovia 2018"]
[Site "Krakow"]
[Date "2019.01.04"]
[Round "9"]
[White "Bus, Konrad"]
[Black "Krishnater Kushager"]
[Result "1/2-1/2"]
[WhiteElo "2221"]
[BlackElo "2334"]
[Annotator "ChessBase"]
[PlyCount "22"]
[EventDate "2018.12.27"]
[EventType "swiss"]
[EventCountry "POL"]
[SourceTitle "playchess.com"]
[Source "ChessBase"]
[SourceQuality "1"]
[TimeControl "40/5400+30:1800+30"]

1. Nf3 Nf6 2. g3 g6 3. b3 Bg7 4. Bb2 O-O 5. Bg2 d5 6. c4 c6 7. O-O Bg4 8. d3 Nbd7 9. Nbd2 Re8 10. d4 a5 11. a3 Qb6 1/2-1/2

[Event "XXIX Cracovia 2018"]
[Site "Krakow"]
[Date "2019.01.04"]
[Round "9"]
[White "Eggink, Mateusz"]
[Black "Galperin, Platon"]
[Result "0-1"]
[WhiteElo "2138"]
[BlackElo "2363"]
[Annotator "NA"]
[PlyCount "138"]
[EventDate "2018.12.27"]
[EventType "swiss"]
[EventCountry "POL"]
[SourceTitle "playchess.com"]
[Source "ChessBase"]
[SourceQuality "1"]
[TimeControl "40/5400+30:1800+30"]

1. d4 {[%emt 0:00:00]} Nf6 {[%emt 0:11:25]} 2. Bf4 {[%emt 0:00:00]} d5 {[%emt 0:00:43]} 3. e3 {[%emt 0:00:27]} c5 {[%emt 0:02:27]} 4. c3 {[%emt 0:00:41]} Nc6 {[%emt 0:00:02]} 5. Nd2 {[%emt 0:00:22]} Bf5 {[%emt 0:00:07]} 6. Ngf3 {[%emt 0:01:33]} Qb6 {[%emt 0:02:21]} 7. Qb3 {[%emt 0:20:52]} c4 {[%emt 0:00:02]} 8. Qxb6 {[%emt 0:00:02]} axb6 {[%emt 0:00:02]} 9. Nh4 {[%emt 0:00:47]} Be6 $15 {[%emt 0:07:09] LiveBook: 3 Games} 10. a3 {[%emt 0:26:28]} b5 {[%emt 0:00:16]} 11. Rc1 {[%emt 0:01:44]} h6 {[%emt 0:00:02]} 12. Bc7 {[%emt 0:03:04]} g5 {[%emt 0:01:11]} 13. Nhf3 {[%emt 0:00:01]} Bf5 {[%emt 0:00:56]} 14. h3 {[%emt 0:02:24]} e6 {[%emt 0:00:40]} 15. Be2 {[%emt 0:04:29]} Nd7 {[%emt 0:03:17]} 16. g4 {[%emt 0:01:23]} Bh7 {[%emt 0:01:00]} 17. Bd1 {[%emt 0:01:20]} f6 {[%emt 0:00:34]} 18. Bg3 {[%emt 0:01:27]} Nb6 {[%emt 0:04:54]} 19. Bc2 {[%emt 0:01:00]} Bxc2 {[%emt 0:01:45]} 20. Rxc2 {[%emt 0:00:02]} b4 {[%emt 0:00:50]} 21. O-O {[%emt 0:03:08]} b3 {[%emt 0:08:20]} 22. Rcc1 {[%emt 0:00:02]} Na4 {[%emt 0:00:02]} 23. Rb1 {[%emt 0:00:13]} Kd7 {[%emt 0:01:27]} 24. e4 {[%emt 0:01:07]} b6 {[%emt 0:03:39]} 25. Rfe1 {[%emt 0:01:16]} Be7 {[%emt 0:38:08]} 26. exd5 {[%emt 0:05:06]} exd5 {[%emt 0:00:02]} 27. Nf1 {[%emt 0:00:02]} Bxa3 {[%emt 0:01:54]} 28. Ne3 {[%emt 0:09:19]} Bxb2 {[%emt 0:07:30]} 29. Nxd5 {[%emt 0:00:01]} Bxc3 {[%emt 0:00:16]} 30. Nxf6+ {[%emt 0:02:43]} Kc8 {[%emt 0:00:01]} 31. Re6 {[%emt 0:02:54]} Nxd4 {[%emt 0:01:00]} 32. Nxd4 {[%emt 0:01:11]} Bxd4 {[%emt 0:00:04]} 33. Rc6+ {[%emt 0:01:22]} Kb7 {[%emt 0:00:01]} 34. Rc7+ {[%emt 0:01:11]} Ka6 {[%emt 0:00:01]} 35. Rxc4 {[%emt 0:02:54]} Nc3 {[%emt 0:00:05]} 36. Rxb3 {[%emt 0:01:44]} Bxf6 {[%emt 0:05:14]} 37. Rc6 {[%emt 0:00:48]} Bd4 {[%emt 0:00:27]} 38. Be5 {[%emt 0:03:53]} Rhc8 {[%emt 0:00:34]} 39. Rxh6 {[%emt 0:01:07]} Bxe5 {[%emt 0:00:30]} 40. Rhxb6+ {[%emt 0:00:00]} Ka5 {[%emt 0:00:00]} 41. Rb7 {[%emt 0:03:09]} Rc5 {[%emt 0:05:35]} 42. Kg2 {[%emt 0:01:51]} Ra6 {[%emt 0:08:44]} 43. Ra3+ {[%emt 0:04:23]} Na4 {[%emt 0:00:03]} 44. Ra2 {[%emt 0:00:10]} Rb5 {[%emt 0:04:01]} 45. Re7 {[%emt 0:00:52]} Bb2 {[%emt 0:01:51]} 46. Re2 {[%emt 0:02:19]} Rbb6 {[%emt 0:04:46]} 47. Rd2 {[%emt 0:00:45]} Kb4 {[%emt 0:01:12]} 48. Raxb2+ {[%emt 0:02:42]} Nxb2 {[%emt 0:00:03]} 49. Rxb2+ {[%emt 0:00:02]} Kc5 {[%emt 0:00:27]} 50. Rc2+ {[%emt 0:02:25]} Kd5 {[%emt 0:00:10]} 51. Rc3 {[%emt 0:05:30]} Kd4 {[%emt 0:02:33]} 52. Rc8 {[%emt 0:03:09]} Rf6 {[%emt 0:00:49]} 53. Rg8 {[%emt 0:02:36]} Ra2 {[%emt 0:00:50]} 54. Rxg5 {[%emt 0:00:08]} Raxf2+ {[%emt 0:00:16]} 55. Kg3 {[%emt 0:00:14]} R2f3+ {[%emt 0:00:20]} 56. Kg2 {[%emt 0:01:13]} Rf2+ {[%emt 0:02:22]} 57. Kg3 {[%emt 0:00:03]} R6f3+ {[%emt 0:00:08]} 58. Kh4 {[%emt 0:00:06]} Rh2 {[%emt 0:00:08]} 59. Ra5 {[%emt 0:01:07]} Rhxh3+ {[%emt 0:00:10]} 60. Kg5 {[%emt 0:00:03]} Rh8 {[%emt 0:00:38]} 61. Ra4+ {[%emt 0:01:13]} Ke5 {[%emt 0:01:01]} 62. Ra5+ {[%emt 0:00:01]} Ke6 {[%emt 0:00:42]} 63. Ra6+ {[%emt 0:00:02]} Kd5 {[%emt 0:01:34]} 64. Ra5+ {[%emt 0:00:10]} Ke4 {[%emt 0:00:03]} 65. Ra4+ {[%emt 0:01:00]} Ke3 {[%emt 0:00:49]} 66. Kg6 {[%emt 0:01:36]} Rg8+ {[%emt 0:00:43]} 67. Kh7 {[%emt 0:00:06]} Rff8 {[%emt 0:00:26]} 68. Kh6 {[%emt 0:07:50]} Rf4 {[%emt 0:00:04]} 69. Ra3+ {[%emt 0:00:22]} Kf2 {[%emt 0:00:03]} 0-1

[Event "XXIX Cracovia 2018"]
[Site "Krakow"]
[Date "2019.01.04"]
[Round "9"]
[White "Sanz Losada, Victoriano"]
[Black "Naboka, Sergey"]
[Result "0-1"]
[WhiteElo "2132"]
[BlackElo "2324"]
[Annotator "NA"]
[PlyCount "54"]
[EventDate "2018.12.27"]
[EventType "swiss"]
[EventCountry "POL"]
[SourceTitle "playchess.com"]
[Source "ChessBase"]
[SourceQuality "1"]
[TimeControl "40/5400+30:1800+30"]

1. d4 f5 2. Nc3 d5 3. Bf4 c6 4. Bxb8 Rxb8 5. Qd2 e6 6. e3 Nf6 7. f4 Bb4 8. Bd3 c5 9. dxc5 Bxc5 10. Nf3 O-O 11. Na4 Bd6 12. O-O $17 Qe7 13. Nc3 Bd7 14. Ne2 Ne4 15. Bxe4 fxe4 16. Nfd4 Kh8 17. Ng3 Rbc8 18. a4 a6 19. Qe2 e5 20. fxe5 Bxe5 21. b3 b5 22. axb5 Bxb5 23. Rxf8+ Qxf8 24. c4 dxc4 25. Rf1 Qe8 26. Rc1 Bxd4 27. bxc4 Be5 0-1

[Event "XXIX Cracovia 2018"]
[Site "Krakow"]
[Date "2019.01.04"]
[Round "9"]
[White "Janus, Przemyslaw"]
[Black "Rysaev, Danial"]
[Result "0-1"]
[WhiteElo "2091"]
[BlackElo "1945"]
[Annotator "NA"]
[PlyCount "68"]
[EventDate "2018.12.27"]
[EventType "swiss"]
[EventCountry "POL"]
[SourceTitle "playchess.com"]
[Source "ChessBase"]
[SourceQuality "1"]
[TimeControl "40/5400+30:1800+30"]

1. d4 {[%emt 0:00:00]} Nf6 {[%emt 0:00:00]} 2. c4 {[%emt 0:00:17]} g6 {[%emt 0:00:00]} 3. Nc3 {[%emt 0:00:42]} Bg7 {[%emt 0:00:00]} 4. e4 {[%emt 0:01:34]} O-O {[%emt 0:00:11]} 5. f3 {[%emt 0:02:31]} d6 {[%emt 0:00:08]} 6. Be3 {[%emt 0:01:31]} Nc6 {[%emt 0:00:08]} 7. Qd2 {[%emt 0:02:44]} a6 {[%emt 0:01:50]} 8. Bd3 {[%emt 0:03:48]} e5 {[%emt 0:02:19]} 9. d5 {[%emt 0:04:49]} Nd4 {[%emt 0:00:05]} 10. Nge2 {[%emt 0:00:18]} Nh5 {[%emt 0:00:17]} 11. Bc2 {[%emt 0:09:39]} Qh4+ {[%emt 0:05:00]} 12. Bf2 {[%emt 0:05:47]} Nxc2+ {[%emt 0:02:19]} 13. Qxc2 {[%emt 0:00:19]} Qg5 {[%emt 0:00:02]} 14. g4 {[%emt 0:09:06]} Nf4 {[%emt 0:00:29]} 15. Nxf4 {[%emt 0:01:33]} exf4 {[%emt 0:00:54]} 16. h4 {[%emt 0:02:07]} Qe7 {[%emt 0:00:31]} 17. g5 {[%emt 0:10:55]} b5 {[%emt 0:03:01]} 18. Ne2 {[%emt 0:07:12]} c5 {[%emt 0:02:46]} 19. dxc6 {[%emt 0:05:36]} Be6 {[%emt 0:02:57]} 20. cxb5 {[%emt 0:03:54]} axb5 {[%emt 0:00:09]} 21. Nd4 {[%emt 0:03:45]} Bxa2 {[%emt 0:01:30]} 22. O-O {[%emt 0:01:53]} Bc4 {[%emt 0:00:18]} 23. Rfd1 {[%emt 0:01:45]} Rxa1 {[%emt 0:02:13]} 24. Rxa1 {[%emt 0:00:01]} d5 {[%emt 0:00:07]} 25. b3 {[%emt 0:09:00]} dxe4 {[%emt 0:00:02]} 26. fxe4 {[%emt 0:02:02]} Be6 {[%emt 0:00:21]} 27. Rd1 {[%emt 0:04:06]} Bg4 {[%emt 0:00:57]} 28. Re1 {[%emt 0:01:57]} Qb4 {[%emt 0:01:25]} 29. Ne2 {[%emt 0:01:46]} Be5 {[%emt 0:00:06]} 30. Qd3 {[%emt 0:01:39]} Bc7 {[%emt 0:01:54]} 31. Kf1 {[%emt 0:01:15]} Rd8 {[%emt 0:00:31]} 32. Qc2 {[%emt 0:01:19]} Rd2 {[%emt 0:01:58]} 33. Qc5 {[%emt 0:01:05]} Qxe4 {[%emt 0:00:38]} 34. Ng3 {[%emt 0:01:05]} Bh3+ {[%emt 0:00:30]} 0-1

[Event "XXIX Cracovia 2018"]
[Site "Krakow"]
[Date "2019.01.04"]
[Round "9"]
[White "Adamczewski, Maciej"]
[Black "Bakalarz, Leszek"]
[Result "1-0"]
[WhiteElo "2080"]
[BlackElo "1927"]
[Annotator "NA"]
[PlyCount "66"]
[EventDate "2018.12.27"]
[EventType "swiss"]
[EventCountry "POL"]
[SourceTitle "playchess.com"]
[Source "ChessBase"]
[SourceQuality "1"]
[TimeControl "40/5400+30:1800+30"]

1. d4 {[%emt 0:07:13]} Nf6 {[%emt 0:00:00]} 2. c4 {[%emt 0:00:04]} c5 {[%emt 0:00:00]} 3. d5 {[%emt 0:00:03]} e6 {[%emt 0:00:00]} 4. Nc3 {[%emt 0:00:06]} exd5 {[%emt 0:00:02]} 5. cxd5 {[%emt 0:00:04]} d6 {[%emt 0:00:08]} 6. h3 {[%emt 0:00:14]} g6 {[%emt 0:00:08]} 7. e4 {[%emt 0:02:17]} Bg7 {[%emt 0:00:03]} 8. Nf3 {[%emt 0:00:05]} O-O {[%emt 0:00:25]} 9. Bd3 {[%emt 0:00:03]} b5 {[%emt 0:00:13]} 10. Nxb5 {[%emt 0:00:10]} Nxe4 {[%emt 0:01:18]} 11. Bxe4 {[%emt 0:00:11]} Re8 {[%emt 0:03:23]} 12. Ng5 {[%emt 0:01:13]} f5 {[%emt 1:21:25]} 13. Ne6 {[%emt 0:03:59]} Qa5+ {[%emt 0:00:10]} 14. Nc3 {[%emt 0:00:15]} Bxc3+ {[%emt 0:03:18]} 15. bxc3 {[%emt 0:00:10]} fxe4 {[%emt 0:00:12]} 16. O-O {[%emt 0:02:00]} Na6 {[%emt 0:02:26]} 17. Re1 {[%emt 0:10:09]} Bxe6 {[%emt 0:00:13]} 18. dxe6 {[%emt 0:00:06]} Qxc3 {[%emt 0:01:57]} 19. Bf4 {[%emt 0:09:09]} Rxe6 {[%emt 0:00:05]} 20. Rc1 {[%emt 0:03:36]} Qf6 {[%emt 0:00:25]} 21. Rxe4 {[%emt 0:01:34]} Rae8 {[%emt 0:01:25]} 22. Qb3 {[%emt 0:01:31]} Qf5 {[%emt 0:00:43]} 23. Rxe6 {[%emt 0:07:07]} Qxe6 {[%emt 0:00:19]} 24. Qb7 {[%emt 0:01:41]} Nb4 {[%emt 0:00:35]} 25. Rd1 {[%emt 0:01:52]} d5 {[%emt 0:02:48]} 26. Qxa7 {[%emt 0:07:42]} c4 {[%emt 0:00:08]} 27. Bh6 {[%emt 0:00:32]} Qe7 {[%emt 0:00:12]} 28. Qd4 {[%emt 0:00:16]} Qe5 {[%emt 0:00:40]} 29. a3 {[%emt 0:08:46]} Nd3 {[%emt 0:00:06]} 30. Qa7 {[%emt 0:02:28]} g5 {[%emt 0:01:17]} 31. Rb1 {[%emt 0:03:59]} Qf6 32. Rb6 Re1+ {Rb1 Re8 Qd7 Qxf2+} 33. Kh2 Qf4+ {Kh1 Qe5 Rf1 Nf4 Bxg5 Ng6} 1-0